Physiological plant ecology : Corrected printing of the second edition
Contents: The environment of plants; radiation and temperature; carbon utilization and dry matter production;the utilization and cycling of mineral elements.
সংরক্ষণ করুন:
| প্রধান লেখক: | |
|---|---|
| বিন্যাস: | গ্রন্থ |
| ভাষা: | Undetermined |
| প্রকাশিত: |
New York
Springer-Verlag
1983
|
| বিষয়গুলি: | |
| ট্যাগগুলো: |
ট্যাগ যুক্ত করুন
কোনো ট্যাগ নেই, প্রথমজন হিসাবে ট্যাগ করুন!
|
| Thư viện lưu trữ: | Trung tâm Học liệu Trường Đại học Cần Thơ |
|---|
| LEADER | 00844nam a2200229Ia 4500 | ||
|---|---|---|---|
| 001 | CTU_138445 | ||
| 008 | 210402s9999 xx 000 0 und d | ||
| 082 | |a 581.5 | ||
| 082 | |b L319 | ||
| 100 | |a Larcher, W. | ||
| 245 | 0 | |a Physiological plant ecology : | |
| 245 | 0 | |b Corrected printing of the second edition | |
| 245 | 0 | |c W. Larcher ; M.A. Biederman-Thorson | |
| 260 | |a New York | ||
| 260 | |b Springer-Verlag | ||
| 260 | |c 1983 | ||
| 520 | |a Contents: The environment of plants; radiation and temperature; carbon utilization and dry matter production;the utilization and cycling of mineral elements. | ||
| 526 | |a Thâm cứu sinh lý và sinh thái cây trồng | ||
| 526 | |b NN901 | ||
| 650 | |a Plant ecology,Sinh thái thực vật | ||
| 904 | |i Tuyến | ||
| 980 | |a Trung tâm Học liệu Trường Đại học Cần Thơ | ||